Best poems. (Бичлэгийн дугаар. 145797)
| 000 -УДИРДЛАГА | |
|---|---|
| Удирдлага | 00646nam a22002417a 4500 |
| 003 - ХЯНАЛТЫН ТОО ТОДОРХОЙЛОГЧ | |
| Код | MN-UlNUM |
| 005 - БИЧИЛТ ХИЙСЭН ОГНОО | |
| Тухайн бичилтийг бичсэн засварласан сүүлийн огноо | 20251128121634.0 |
| 008 - ЕРӨНХИЙ МЭДЭЭЛЭЛ | |
| Ерөнхий мэдээлэл | 251128s1998 ||||| |||| 00| 0 eng | |
| 020 ## - ISBN | |
| ISBN | 0809205106 |
| 040 ## - БИЧЛЭГ ҮҮСГЭГЧ БАЙГУУЛЛАГА | |
| Бичлэг үүсгэгч номын сангийн код | МУИС-ийн номын сан |
| 084 ## - ББК АНГИЛАЛ | |
| Нэмэлт тусгалт | Бусад |
| ББК ангилал | 84(7Eng)-5 |
| Зохиогчийн гурван тэмдэгт | B 52 |
| Мэдлэгийн ялгаа | 84 - Уран зохиол |
| 245 00 - ҮНДСЭН ГАРЧИГ | |
| Номын нэр | Best poems. |
| Бага гарчгийн мэдээ | Middle Level |
| 260 ## - ГАРАЛТЫН МЭДЭЭ | |
| Хэвлэгдсэн газар | Stanford, Calif., |
| Хэвлэлийн газар | Stanford University press. |
| Хэвлэгдсэн он | 1998. |
| 300 ## - МАТЕРИАЛЫН ТОДОРХОЙЛОЛТ | |
| хуудасны тоо | 246p.: |
| 500 ## - Тайлбар | |
| Дансны дугаар | БС 4222 |
| 546 ## - ХЭЛНИЙ ТУХАЙ МЭДЭЭ | |
| Хэл | Англи хэл дээр, |
| 740 ## - НОМЫН ГАРЧИГ | |
| Гарчиг | What Is a Poem? |
| 740 ## - НОМЫН ГАРЧИГ | |
| Гарчиг | Speakers in Poetry |
| 740 ## - НОМЫН ГАРЧИГ | |
| Гарчиг | Sensory Images and Concrete Language |
| 740 ## - НОМЫН ГАРЧИГ | |
| Гарчиг | Rhythm, Rhyme, and Repetition |
| 942 ## - ЭЛЕМЕНТИЙН ТӨРӨЛ | |
| Зүйлийн төрөл | Ном |
